00474 2200169 4500245009200000020002200092250001100114100002000125700002100145650002200166005001900188260003700207041001400244084001100258300002600269336000900295 aPejuang Toleransi Indonesia b : Gus Dur , Cak Nur Siapa Lagi ?cSanggit PurnomohText a978-602-8608-93-0 aCet. 1 aSanggit Purnomo aChoirudin Syalam aPejuang Toleransi a20230223134427 aJakartabGading Inti Primac2012 aIndonesia a297.28 avi, 80 hlm. :c25 cm. atext